000 00520nam a2200205Ia 4500
005 20250923144345.0
008 008 250917s9999 xx 000 0 eng d
037 _aTextual
040 _aDSWL
_beng
_cDSWL
041 _aeng
_2eng
084 _aY111, I0
_qDSWL
100 _aNeill, A.S
_9824047
245 0 _aProblem family
_cby A.S Neill
260 _aLondon
_c1951
300 _a160 p.
365 _aINR
_b7.1
925 _g7.1
942 _cTEXL
_hY111, I0
999 _c1437853
_d1437853